000 01169nam a2200241Ii 4500
003 JO-AjNU
005 20240625130427.0
008 230605s9999||||xx |||||||||||||| ||und||
040 _aJO-AjNU
_bara
_erda
_cJO-AjNU
041 _aara
050 1 4 _aHG3368.2022
100 _aثلجي، ياسر حسن سعود
_eمعد
_965651
245 0 0 _aاثر المخاطر غير النظامية على عوائد اسهم المصارف الاسلامية الاردنية=The Impact of Irregular Risks on Stocks Return for Jordanian Islamic Banks
_c/ اعداد ياسر حسن سعود ثلجي ؛ اشراف قاسم موسى ابو عيد
264 3 1 _a2022
300 _a90 ورقة
336 _atext
_btxt
_2rdacontent
337 _aunmediated
_bn
_2rdamedia
338 _avolume
_bnc
_2rdacarrier
500 _aرسالة جامعية(اطروحة ماجستير) تخصص المصارف الاسلامية /كلية ادارة الاعمال، جامعة عجلون الوطنية، 2022
650 4 _aالبنوك الاسلامية-المخاطر غير النظامية
_963582
700 _aقاسم موسى ابو عيد
_eمشرف
_965653
942 _2lcc
_cTHS
999 _c32417
_d32417